Music Quiz

Random Music or Singers Quiz

Musicians' Signatures Quiz Stats

 Plays Quiz Updated Mar 29, 2018

Score 0/20 Timer 04:00
13 Plays Today
% Correct
Elvis Presley
99.4%
Rihanna
94.9%
Ludwig van Beethoven
93.9%
Hank Williams
93.5%
Freddie Mercury
91.5%
Kurt Cobain
85.5%
Beyoncé
83.2%
Wolfgang Amadeus Mozart
82.7%
John Lennon
80.4%
Usher
79.8%
% Correct
Cyndi Lauper
78.9%
Avril Lavigne
75.3%
B.B. King
74.2%
Jimi Hendrix
72%
Bono
57.5%
Édith Piaf
48%
Adele
40.2%
Alicia Keys
36.1%
Whitney Houston
35.4%
Madonna
26.4%

You're not logged in!

Compare scores with friends on all Sporcle quizzes.
OR
Log In

You Might Also Like...

Show Comments

Extras

Top Quizzes Today


Score Distribution

Your Account Isn't Verified!

In order to create a playlist on Sporcle, you need to verify the email address you used during registration. Go to your Sporcle Settings to finish the process.

Report this User

Report this user for behavior that violates our Community Guidelines.

Details: